Thầy cúng trong văn hóa tín ngưỡng người Dao Họ

Khái quát về dân cư, dân số, hoạt động kinh tế, đời sống, tổ chức xã hội và gia đình, đặc điểm kiến trúc, các phong tục tập quán của người Dao Họ. Văn hóa, thầy cúng và vai trò của thầy cúng trong đời sống văn hóa tinh thần và sự phá...

وصف كامل

محفوظ في:
التفاصيل البيبلوغرافية
المؤلف الرئيسي: Phạm, Văn Dương
التنسيق: كتاب
اللغة:Undetermined
منشور في: Hà Nội Văn hóa Thông tin 2014
الموضوعات:
الوسوم: إضافة وسم
لا توجد وسوم, كن أول من يضع وسما على هذه التسجيلة!
Thư viện lưu trữ: Trung tâm Học liệu Trường Đại học Cần Thơ
LEADER 01080nam a2200205Ia 4500
001 CTU_209900
008 210402s9999 xx 000 0 und d
082 |a 398.4109597 
082 |b D561 
100 |a Phạm, Văn Dương 
245 0 |a Thầy cúng trong văn hóa tín ngưỡng người Dao Họ 
245 0 |c Phạm Văn Dương 
260 |a Hà Nội 
260 |b Văn hóa Thông tin 
260 |c 2014 
520 |a Khái quát về dân cư, dân số, hoạt động kinh tế, đời sống, tổ chức xã hội và gia đình, đặc điểm kiến trúc, các phong tục tập quán của người Dao Họ. Văn hóa, thầy cúng và vai trò của thầy cúng trong đời sống văn hóa tinh thần và sự phát triển của người Dao Họ hiện nay 
650 |a Phong tục tập quán,Manners and customs 
650 |z Việt Nam,Vietnam 
904 |i Nguyễn Ngọc Quý,Hải 
980 |a Trung tâm Học liệu Trường Đại học Cần Thơ